• 首页
  • 本馆介绍
  • 公告通知
  • 最新文献
  • 馆藏检索
  • 电子资源
  • 读者导购
  • 参考咨询
  • 我的图书馆
  • 登录
  • 详细信息显示
  • 放入我的书架
  • 预约/预借图书
  • 作者相关作品
  • 分类相关作品
  • 丛书相关作品
  • 出版社相关作品

书目信息

  • 表格格式
  • 工作单格式
  • 卡片格式
题名:
中国新闻文学史
    
 
作者: 李白坚 主编
分册:  
出版信息: 上海   上海大学出版社  2004
页数: 436页
开本: 25cm
丛书名:
单 册:
中图分类: I207.5
科图分类:
主题词: 新闻--文学史--中国
电子资源:
ISBN: 7-81058-694-7
000 00736nam0 2200217 45
001 002657671
005 20050508143507.6
010    @a7-81058-694-7@dCNY36.00
100    @a20040603d2004 emky0chiy0110 ea
101 0  @achi
102    @aCN@b310000
105    @ay z 000yd
200 1  @a中国新闻文学史@Azhong guo xin wen wen xue shi@f李白坚主编@FLi Bai Jian Zhu Bian
210    @a上海@c上海大学出版社@d2004
215    @a436页@d25cm
330    @a本书对百余年来新闻文学的发展和演进,做出了具体的阐述,对这一时期有代表性的作家、作品,做了深入细致的剖析,提出了一系列富有独创性的新见解。
606 0  @a新闻@x文学史@y中国
690    @aI207.5@v4
701  0 @a李白坚@4主编
801  0 @aCN@bNLC@c20040713
905    @f3@b353327-329@dI207.5@e415
    
    中国新闻文学史/李白坚主编.-上海:上海大学出版社,2004
    436页;25cm
    
    
    ISBN 7-81058-694-7:CNY36.00
    本书对百余年来新闻文学的发展和演进,做出了具体的阐述,对这一时期有代表性的作家、作品,做了深入细致的剖析,提出了一系列富有独创性的新见解。
●
相关链接 在E读中查询图书 在五车中查询图书 在当当中查询图书 在豆瓣中查询图书


正题名:中国新闻文学史     索取号:I207.5/415         预约/预借

序号 登录号 条形码 馆藏地/架位号 状态 备注
1 0353327   3533279   第一样本阅览室/ [索取号:I207.5/415] 在馆    
2 0353328   3533288   第二借阅区/ [索取号:I207.5/415] 在馆    
3 0353329   3533297   第二借阅区/ [索取号:I207.5/415] 在馆    
唐山师范学院图书馆 欢迎您!
大连网信软件有限公司© 版权所有